000 00468nam a2200145Ia 4500
008 220204s9999 xx 000 0 und d
082 _a581.1+535.665.2(06)
_bSMI
245 0 _aPlants and the daylight spectrum.
260 _aLondon
_bAcademic
_c1981
505 _aProceedings of the first international symposium of the British Photobiology society, Leicester, 5-8 January 1981
650 _aDaylight
650 _aRemote sensing
700 _aSMITH, H
942 _cBK
999 _c36760
_d36760